| 000 | 00302nmm a2200097Ia 4500 | ||
|---|---|---|---|
| 008 | 220120s9999||||xx |||||||||||||||||und|| | ||
| 082 | _a00 5.133 BOO | ||
| 100 |
_aBoone, Barry Stanek, William, R _92845 |
||
| 245 | 0 | _aJava 2 certification exam guide for programmers and develope | |
| 260 |
_bNew Delhi _c2000 |
||
| 999 |
_c138925 _d138925 |
||